[Event "World Youth Girl U18 2016"]
[Site "Khanty-Mansiysk RUS"]
[Date "2016.10.03"]
[Round "11.19"]
[White "Yakimenko, Anastasia"]
[Black "Yolal, Sena Gokcen"]
[Result "1-0"]
[WhiteElo "1983"]
[BlackElo "1737"]
[WhiteFideId "24174980"]
[BlackFideId "6337031"]
[EventDate "2016.09.22"]

1. e4 c5 2. Nf3 Nc6 3. c4 g6 4. d4 cxd4 5. Nxd4 Bg7 6. Nb3 d6 7. Nc3 Nf6 8. Be2
O-O 9. Be3 Be6 10. f3 Ne5 11. Nd5 Bxd5 12. cxd5 Ned7 13. O-O Nb6 14. Qd2 Rc8 15.
Rac1 Qd7 16. Qa5 Ra8 17. Bb5 Qd8 18. Rf2 Nfd7 19. Nd4 a6 20. Bf1 Rc8 21. Rfc2
Rc5 22. Qd2 Rxc2 23. Rxc2 Qb8 24. b3 Rc8 25. Rxc8+ Qxc8 26. a4 Nc5 27. a5 Bxd4
28. Qxd4 Na8 29. Qc3 Qd8 30. Bxc5 dxc5 31. Qxc5 Qc7 32. b4 Qd8 33. e5 Nc7 34.
Bc4 Qd7 35. d6 exd6 36. Qxd6 Qc8 37. Qe7 Ne6 38. Bxe6 Qc1+ 39. Kf2 Qb2+ 40. Kf1
Qc1+ 41. Ke2 Qb2+ 42. Kd3 Qb1+ 43. Ke3 Qc1+ 44. Ke4 Qc2+ 45. Kf4 Qd2+ 46. Kg3
fxe6 47. Qxe6+ Kg7 48. Qf6+ Kg8 49. e6 Qd6+ 50. Kh3 Qc7 51. g4 Qc8 52. Qf7+ 1-0

[Event "World Youth Girl U18 2016"]
[Site "Khanty-Mansiysk RUS"]
[Date "2016.10.03"]
[Round "11.20"]
[White "Toshali, V"]
[Black "Auvray, Honorine"]
[Result "0-1"]
[BlackTitle "WFM"]
[WhiteElo "1766"]
[BlackElo "1961"]
[WhiteFideId "5072611"]
[BlackFideId "600512"]
[EventDate "2016.09.22"]

1. e4 g6 2. d4 Bg7 3. Nc3 d6 4. f4 Nf6 5. Nf3 O-O 6. Be2 Na6 7. O-O c5 8. e5 Ng4
9. Bxa6 cxd4 10. Qxd4 bxa6 11. h3 Nh6 12. Rd1 Bb7 13. Qf2 Bxf3 14. Qxf3 Qb6+ 15.
Qf2 Qb7 16. Nd5 Rfd8 17. c4 Rac8 18. Qf3 Kh8 19. Qb3 Qd7 20. Bd2 Rb8 21. Qc2
dxe5 22. Ba5 exf4 23. Nf6 Qc6 24. Rxd8+ Rxd8 25. Bxd8 Bxf6 26. Rd1 Nf5 27. c5
Ne3 28. Rd6 Qb5 29. Qe4 Qxb2 30. Qa8 Qc1+ 31. Kh2 Nf1+ 32. Kg1 Ng3+ 33. Kf2 Qf1# 0-1

[Event "World Youth Girl U18 2016"]
[Site "Khanty-Mansiysk RUS"]
[Date "2016.10.03"]
[Round "11.21"]
[White "Sit, Victoria"]
[Black "Jibuti, Nata"]
[Result "0-1"]
[BlackTitle "WFM"]
[WhiteElo "1768"]
[BlackElo "1865"]
[WhiteFideId "425524"]
[BlackFideId "13603094"]
[EventDate "2016.09.22"]

1. d4 Nf6 2. c4 e6 3. Nf3 Bb4+ 4. Bd2 Qe7 5. a3 Bxd2+ 6. Qxd2 O-O 7. Nc3 d6 8.
e4 e5 9. d5 a5 10. Be2 Nbd7 11. b3 Nc5 12. Qc2 Nh5 13. g3 Bh3 14. Nd2 Qg5 15.
O-O-O a4 16. b4 Nb3+ 17. Kb2 Nd4 18. Nf3 Nxf3 19. Bxf3 f5 20. Qe2 Nf6 21. Qc2
fxe4 22. Nxe4 Qf5 23. Nxf6+ Rxf6 24. Be4 Qxf2 25. Rd2 Qe3 26. Bxh7+ Kh8 27. Bd3
Raf8 28. Re2 Qd4+ 29. Ka2 Rf1 30. Re1 Rxh1 31. Rxh1 Rf2 32. Be2 Bf5 0-1

[Event "World Youth Girl U18 2016"]
[Site "Khanty-Mansiysk RUS"]
[Date "2016.10.03"]
[Round "11.22"]
[White "Alijanzadeh, Mohadeseh"]
[Black "Methmani, Nelunika"]
[Result "1-0"]
[BlackTitle "WIM"]
[WhiteElo "1824"]
[BlackElo "1612"]
[WhiteFideId "12508632"]
[BlackFideId "9910050"]
[EventDate "2016.09.22"]

1. e4 g6 2. d4 d6 3. Nc3 Bg7 4. g3 Nf6 5. Bg2 O-O 6. Nge2 Na6 7. O-O c5 8. h3
Rb8 9. a4 Nb4 10. Be3 b6 11. f4 Bb7 12. g4 Nd7 13. d5 a6 14. Qd2 Qc7 15. Nd1 a5
16. Ndc3 Rbd8 17. Nb5 Qb8 18. c3 Na6 19. h4 Nf6 20. g5 Ng4 21. f5 Nxe3 22. Qxe3
Rfe8 23. h5 Be5 24. f6 Bc8 25. hxg6 hxg6 26. Bh3 exf6 27. gxf6 Kh7 28. Kg2 g5
29. Bf5+ Bxf5 30. Rxf5 Bf4 31. Nxf4 gxf4 32. Qh3+ Kg6 33. Qh5# 1-0

[Event "World Youth Girl U18 2016"]
[Site "Khanty-Mansiysk RUS"]
[Date "2016.10.03"]
[Round "11.23"]
[White "Bandara, T B S H"]
[Black "Liscinska, Jana"]
[Result "0-1"]
[WhiteElo "1543"]
[BlackElo "1712"]
[WhiteFideId "9918477"]
[BlackFideId "14928612"]
[EventDate "2016.09.22"]

1. e4 e6 2. d4 d5 3. Nc3 Bb4 4. exd5 Bxc3+ 5. bxc3 exd5 6. Bd3 Ne7 7. Qh5 h6 8.
Ne2 c6 9. Qe5 O-O 10. Qg3 Nf5 11. Bxf5 Bxf5 12. Bxh6 Qf6 13. Be3 Bxc2 14. O-O
Bd3 15. Rfe1 Qg6 16. Bf4 Nd7 17. Qxg6 Bxg6 18. Bd6 Rfe8 19. Nf4 Bf5 20. f3 Nb6
21. Bc5 f6 22. Bxb6 axb6 23. Rxe8+ Rxe8 24. Kf2 Kf7 25. Re1 Ra8 26. Re2 g5 27.
Nh5 Bg6 28. Ng3 Ra3 29. Rb2 b5 30. Ne2 Bd3 31. Nc1 Rxc3 32. Nb3 b6 33. Ke1 Bc4
34. Kd2 Rd3+ 35. Kc2 Kg6 36. Rb1 Re3 37. Rd1 Re8 38. Kc1 Rh8 39. h3 Re8 40. Kc2
Kf5 41. Rd2 Kf4 42. Kc1 Kg3 43. Kc2 Bf1 44. Nc1 Bxg2 45. Ne2+ Kh4 46. Ng1 Bf1
47. Kd1 Bc4 48. Ne2 Kxh3 49. Nc3 Re3 50. Kc2 Rxf3 0-1

[Event "World Youth Girl U18 2016"]
[Site "Khanty-Mansiysk RUS"]
[Date "2016.10.03"]
[Round "11.24"]
[White "Meskenaite, Rugile"]
[Black "Tao, Rachel Long-Xin"]
[Result "0-1"]
[BlackTitle "WCM"]
[WhiteElo "1709"]
[BlackElo "1649"]
[WhiteFideId "12806587"]
[BlackFideId "2616300"]
[EventDate "2016.09.22"]

1. e4 c5 2. Nf3 Nc6 3. d4 cxd4 4. Nxd4 Qb6 5. Nb3 Nf6 6. Nc3 e6 7. Be3 Qc7 8.
Be2 Be7 9. O-O a6 10. f4 d6 11. a3 O-O 12. Bd3 b5 13. Qe2 Bb7 14. Rf3 b4 15. Nd1
bxa3 16. bxa3 g6 17. Rg3 Rfe8 18. f5 Ne5 19. Bf4 Nxd3 20. cxd3 Qb6+ 21. d4 Nxe4
22. Rh3 exf5 23. Qd3 Bd5 24. Rb1 Rab8 25. Nd2 Qc6 26. Nf2 Rxb1+ 27. Qxb1 Nxf2
28. Kxf2 Bxg2 29. Re3 Bh4+ 30. Kg1 Rxe3 31. Bxe3 Bh3 0-1

[Event "World Youth Girl U18 2016"]
[Site "Khanty-Mansiysk RUS"]
[Date "2016.10.03"]
[Round "11.25"]
[White "Hwang, Chyi"]
[Black "Kolver, Michelle"]
[Result "1/2-1/2"]
[BlackTitle "WCM"]
[WhiteElo "1356"]
[BlackElo "1485"]
[WhiteFideId "16300920"]
[BlackFideId "14307839"]
[EventDate "2016.09.22"]

1. e4 c5 2. Nc3 a6 3. f4 Nc6 4. Nf3 d6 5. d3 Bg4 6. Be2 g6 7. Be3 Bg7 8. Nd2
Bxe2 9. Qxe2 Nf6 10. O-O Nd7 11. Qg4 O-O 12. Nf3 Rc8 13. Rf2 Nf6 14. Qh4 Qd7 15.
Nd5 Nxd5 16. exd5 Nb4 17. Rb1 Nxd5 18. Bd2 Nf6 19. h3 Qf5 20. Bc3 d5 21. g4 Qd7
22. g5 Nh5 23. Bxg7 Kxg7 24. b3 Qf5 25. Ne5 b5 26. Re1 Rfe8 27. Ng4 f6 28. Nh6
Qd7 29. f5 c4 30. fxg6 hxg6 31. Nf5+ Kh7 32. Ng3 Kg7 33. Nxh5+ gxh5 34. gxf6+
exf6 35. Qxf6+ Kh7 36. Ref1 Rg8+ 37. Kh2 Qc7+ 38. Qf4 cxd3 39. Qxc7+ Rxc7 40.
cxd3 Rcg7 41. Rf7 Kh6 42. Rxg7 Rxg7 43. Rf6+ Rg6 1/2-1/2